HUB Ružinov
Uložené v:
| Hlavný autor: | |
|---|---|
| Ďalší autori: | |
| Médium: | Rukopis Kniha |
| Jazyk: | Slovak |
| Vydavateľské údaje: |
Bratislava
2015
|
| Predmet: | |
| On-line prístup: | http://is.stuba.sk/zp/portal_zp.pl?podrobnosti=112404 |
| Tagy: |
Žiadne tagy, Buďte prvý, kto otaguje tento záznam!
|
MARC
| LEADER | 00000ntm a22000003a 4500 | ||
|---|---|---|---|
| 001 | stuzp51962 | ||
| 003 | SK-STU | ||
| 005 | 20210308112724.6 | ||
| 007 | ta | ||
| 008 | 150427s2015----xo-----f-mn---000-0-slo-d | ||
| 040 | |a STU |b slo | ||
| 041 | 0 | |a slo | |
| 100 | 1 | |a Marek, Jakub, |d 1988- |u 058180 |4 aut |U FAD Fakulta architektúry a dizajnu |U FAD Fakulta architektúry |T FA Ústav architektúry občianskych budov |X 49413 |U A8180 |Y 399 |7 A000049413 | |
| 242 | 0 | 1 | |a HUB Ružinov |y eng |
| 245 | 1 | 0 | |a HUB Ružinov |
| 260 | |c 2015 |a Bratislava | ||
| 650 | 4 | |a HUB |2 slo | |
| 650 | 4 | |a Koncept |2 slo | |
| 650 | 4 | |a Ruzinov |2 slo | |
| 650 | 4 | |a Ruzinov |2 eng | |
| 650 | 4 | |a concept |2 eng | |
| 650 | 4 | |a HUB |2 eng | |
| 700 | 1 | |a Šimkovič, Vladimír, |d 1953- |4 ths |X 394 |7 A000000394 | |
| 856 | 4 | |u http://is.stuba.sk/zp/portal_zp.pl?podrobnosti=112404 |u https://opac.crzp.sk/?fn=detailBiblioForm&sid=E75B5E22D326BA6A98AB97CFFF20 | |
| SQL | |a stuzp51962 |b DDP |c SLO |d HUB Ružinov |e 49413 |f Marek, Jakub |g 058180 |h 394 |i Šimkovič, Vladimír |j 20150604 |k 153 |l 05 |m http://is.stuba.sk/zp/portal_zp.pl?podrobnosti=112404 |n I-ARCH |o 5.1.1. architektúra a urbanizmus | ||